000 00564nam a2200217Ia 4500
003 GCL
008 140319s9999 xx 000 0 eng d
040 _aGCL /
_cGCL
082 0 4 _aP
_b050
_bF P
245 1 0 _aFOREIGN AFFAIRS
260 _aنيويورك :
_bPALM COAST
300 _a171
650 0 4 _aINTERNATIONAL ECONOMIC RELATIONS
650 0 4 _aINTERNATIONAL RELATIONS
650 0 4 _aECONOMIC
650 0 4 _aWAR
650 0 4 _aPOLICY
650 0 4 _aNATIONAL SECRUITY - HISTORY - 20 TH CENTURY
650 0 4 _aFOREIGN TRADE AND EMPLOYMENT
942 _2ddc
_cCR
999 _c25831
_d25831